000 00699nam a2200229 a 4500
001 u10331
003 SIRSI
005 20180220093535.0
008 010701s19992000ii a b 001 0 eng d
039 9 _y200203190955
_zload
040 _aEAL
050 _aSB191.R5
_bT42 1999
245 0 0 _aTechniques and management of field crop production /
_cedited by P. S. Rathore.
260 _aIndia :
_bAgrobios,
_cc1999-2000.
300 _a525 p. :
_bill. ;
_c24 cm.
504 _aIncludes bibliographical references and index.
596 _a1
650 0 _aField crops
_xManagement.
650 0 _aField crops
_zIndia.
700 1 0 _aRathore, P. S.
942 _cBK
_2lcc
999 _c18724
_d18724